000
00299nam a22001337a 4500
008
181009b xxu||||| |||| 00| 0 eng d
020
_a
9780135114735
041
_a
eng
080
_2
8th
_a
610.73
100
_a
2
101
_a
INF
245
_a
Clinical Nursing Skills
_c
Smith,S.F
942
_2
udc
_c
BK
999
_c
49093
_d
49093